[Event "Vallfogona de Balaguer Farre Mem 2nd"]
[Site "Vallfogona de Balaguer"]
[Date "2023.05.20"]
[Round "6"]
[White "Badia Mas, Jordi"]
[Black "Sanuy Moncasi, Albert"]
[Result "1-0"]
[WhiteElo "2156"]
[BlackElo "1962"]
[PlyCount "85"]
[EventDate "2023.04.15"]
[EventType "swiss"]
[EventRounds "8"]
[EventCountry "ESP"]
[SourceTitle "EXT 2024"]
[Source "ChessBase"]
[SourceDate "2023.10.10"]
[SourceVersion "1"]
[SourceVersionDate "2023.10.10"]
[SourceQuality "1"]

1. d4 b6 2. c4 Bb7 3. Nc3 e6 4. a3 f5 5. d5 Be7 6. Nf3 Nf6 7. Nd4 Qc8 8. Bf4 a6 9. e3 0-0 10. Be2 Ne8 11. Nf3 h6 12. h4 d6 13. dxe6 Qxe6 14. Nd5 Bd8 15. Nd4 Qd7 16. Bf3 Nc6 17. Ne2 Ra7 18. h5 Kh8 19. Bg3 Ne5 20. Bxe5 dxe5 21. Nxb6 Qxd1+ 22. Rxd1 e4 23. Nd7 Rg8 24. Nf4 Bg5 25. Ng6+ Kh7 26. Be2 Nf6 27. Ndf8+ Rxf8 28. Nxf8+ Kg8 29. Ng6 Ra8 30. Ne7+ Kf7 31. Nxf5 g6 32. hxg6+ Kxg6 33. Ne7+ Kg7 34. Nd5 Nxd5 35. cxd5 Bf6 36. 0-0 Rd8 37. Bc4 Be5 38. b4 Bc8 39. d6 cxd6 40. Bd5 Bf5 41. Rc1 Re8 42. Rc7+ Kf6 43. a4 1-0

[Event "Barcelona Lleida op"]
[Site "Barcelona"]
[Date "2019.05.11"]
[Round "4.2"]
[White "Badia Mas, Jordi"]
[Black "Sanuy Moncasi, Albert"]
[Result "1-0"]
[WhiteElo "2079"]
[BlackElo "1938"]
[PlyCount "81"]
[EventDate "2019.04.06"]
[EventType "swiss"]
[EventRounds "9"]
[EventCountry "ESP"]
[SourceTitle "EXT 2024"]
[Source "ChessBase"]
[SourceDate "2023.10.10"]
[SourceVersion "1"]
[SourceVersionDate "2023.10.10"]
[SourceQuality "1"]

1. d4 d5 2. Bf4 Nf6 3. e3 Bf5 4. c4 e6 5. Nc3 c6 6. Qb3 Qc8 7. Rc1 Nh5 8. Bg5 h6 9. Bh4 g5 10. Qd1 Nf6 11. Bg3 Bb4 12. Nf3 Ne4 13. Qb3 Bxc3+ 14. bxc3 Nxg3 15. hxg3 Nd7 16. Nxg5 Nf6 17. Nh3 Qc7 18. Nf4 0-0-0 19. cxd5 e5 20. dxe5 Nxd5 21. Nxd5 Rxd5 22. Rh4 Rxe5 23. Rf4 Rg8 24. Bc4 Rxg3 25. fxg3 Rxe3+ 26. Kf2 Qe5 27. Rf3 Re4 28. Bd3 Qc5+ 29. Kf1 Be6 30. Qc2 Re5 31. Qf2 Qa3 32. Rc2 Qa5 33. Qd4 Rd5 34. Qh8+ Rd8 35. Qxh6 Rxd3 36. Rxd3 Qf5+ 37. Ke2 Qe4+ 38. Kd2 Qxg2+ 39. Kc1 Qg1+ 40. Rd1 Qe3+ 41. Qxe3 1-0

[Event "Barcelona Lleida op"]
[Site "Barcelona"]
[Date "2019.05.04"]
[Round "3.3"]
[White "Palau Barrufet, Vinyet"]
[Black "Badia Mas, Jordi"]
[Result "0-1"]
[WhiteElo "1769"]
[BlackElo "2079"]
[PlyCount "88"]
[EventDate "2019.04.06"]
[EventType "swiss"]
[EventRounds "9"]
[EventCountry "ESP"]
[SourceTitle "EXT 2024"]
[Source "ChessBase"]
[SourceDate "2023.10.10"]
[SourceVersion "1"]
[SourceVersionDate "2023.10.10"]
[SourceQuality "1"]

1. e4 c6 2. d4 d5 3. exd5 cxd5 4. Bd3 Nc6 5. c3 Nf6 6. Bf4 Bg4 7. Qb3 Qc8 8. Nd2 e6 9. Ngf3 Be7 10. 0-0 0-0 11. Rfe1 Bh5 12. Ne5 Nd7 13. Ndf3 Bg6 14. Qc2 Ncxe5 15. Nxe5 Bf6 16. Ng4 Be7 17. Qd2 a6 18. Bxg6 hxg6 19. Ne5 b5 20. Rac1 Qb7 21. Qe3 Nxe5 22. Bxe5 Rfc8 23. Qg3 b4 24. cxb4 Qxb4 25. Qb3 a5 26. Red1 g5 27. Rc7 Rxc7 28. Bxc7 Rc8 29. Bg3 Qxb3 30. axb3 Rc2 31. f3 Rxb2 32. Ra1 Bb4 33. Bc7 Rxb3 34. Bxa5 Bxa5 35. Rxa5 Rb4 36. Kf2 Rxd4 37. Ke3 Rb4 38. Ra2 g6 39. g3 Kg7 40. Rd2 Kf6 41. f4 gxf4+ 42. gxf4 Kf5 43. Rf2 Re4+ 44. Kd3 Rxf4 0-1

[Event "Barcelona Lleida op"]
[Site "Barcelona"]
[Date "2019.04.06"]
[Round "1.4"]
[White "Coria Gonzalez, Pedro"]
[Black "Badia Mas, Jordi"]
[Result "0-1"]
[WhiteElo "1559"]
[BlackElo "2079"]
[PlyCount "80"]
[EventDate "2019.04.06"]
[EventType "swiss"]
[EventRounds "9"]
[EventCountry "ESP"]
[SourceTitle "EXT 2024"]
[Source "ChessBase"]
[SourceDate "2023.10.10"]
[SourceVersion "1"]
[SourceVersionDate "2023.10.10"]
[SourceQuality "1"]

1. e4 c6 2. Nc3 d5 3. exd5 cxd5 4. Bb5+ Bd7 5. Bxd7+ Qxd7 6. d4 Nc6 7. Bf4 e6 8. Nf3 Nf6 9. Ne5 Qd8 10. Nxc6 bxc6 11. 0-0 Be7 12. Na4 0-0 13. Nc5 Qb6 14. Nb3 Rac8 15. Be5 Rfe8 16. Qf3 Nd7 17. Bf4 c5 18. dxc5 Nxc5 19. Be3 Qb7 20. Rfc1 Ne4 21. Qe2 Bf6 22. c3 Nd6 23. Nc5 Qc7 24. b4 Nc4 25. Bd4 e5 26. Be3 Qe7 27. Qd3 Rcd8 28. Re1 Qc7 29. Qe2 g6 30. Rad1 Bg7 31. Bg5 f6 32. Be3 Rd6 33. f4 exf4 34. Qf3 fxe3 35. Rxd5 Rxd5 36. Qxd5+ Qf7 37. Qc6 f5 38. Kf1 Bxc3 39. Re2 Nd2+ 40. Ke1 Qxa2 0-1

[Event "Tarrega Lleida op"]
[Site "Tarrega"]
[Date "2017.05.13"]
[Round "4.2"]
[White "Rodon Balcells, Jaume"]
[Black "Badia Mas, Jordi"]
[Result "0-1"]
[WhiteElo "1832"]
[BlackElo "2042"]
[PlyCount "47"]
[EventDate "2017.04.22"]
[EventType "swiss"]
[EventRounds "8"]
[EventCountry "ESP"]
[SourceTitle "EXT 2024"]
[Source "ChessBase"]
[SourceDate "2023.10.10"]
[SourceVersion "1"]
[SourceVersionDate "2023.10.10"]
[SourceQuality "1"]

1. e4 c6 2. Nc3 d5 3. Nf3 Bg4 4. h3 Bxf3 5. Qxf3 e6 6. d3 dxe4 7. Qxe4 Nf6 8. Qh4 Nbd7 9. Be2 Qc7 10. 0-0 Bd6 11. Be3 0-0-0 12. a4 h6 13. Ne4 Bh2+ 14. Kh1 g5 15. Nxg5 hxg5 16. Bxg5 Rxh4 17. Bxh4 Bd6 18. f4 Rh8 19. g3 Nd5 20. c4 Nxf4 21. Rxf4 Bxf4 22. Rf1 Bxg3 23. Be7 Rxh3+ 24. Kg1 0-1

[Event "Lleida-ch"]
[Site "Bellcaire"]
[Date "2016.11.06"]
[Round "6"]
[White "Parramon Guillaumet, Jaime"]
[Black "Badia Mas, Jordi"]
[Result "0-1"]
[WhiteElo "1915"]
[BlackElo "2068"]
[PlyCount "91"]
[EventDate "2016.10.02"]
[EventType "swiss"]
[EventRounds "9"]
[EventCountry "ESP"]
[SourceTitle "EXT 2018"]
[Source "ChessBase"]
[SourceDate "2017.10.13"]
[SourceVersion "1"]
[SourceVersionDate "2017.10.13"]
[SourceQuality "1"]

1. f4 d5 2. Nf3 g6 3. e3 Bg7 4. Be2 Nf6 5. 0-0 0-0 6. c4 c5 7. cxd5 Nxd5 8. Nc3 Nc6 9. h3 e5 10. fxe5 Nxe5 11. d4 Nc6 12. Nxd5 Qxd5 13. dxc5 Qxc5 14. Qb3 Be6 15. Qb5 Qxb5 16. Bxb5 Nb4 17. Bd2 Nd5 18. Nd4 Rfd8 19. Nxe6 fxe6 20. Bc4 Rac8 21. Rac1 Bxb2 22. Rc2 b5 23. Rxb2 bxc4 24. Rb7 Rc7 25. Rxc7 Nxc7 26. Ba5 Rc8 27. Rc1 Nd5 28. Kf2 Rc5 29. Bc3 Nxc3 30. Rxc3 Kf7 31. e4 Kf6 32. Kf3 Ke5 33. Ke3 g5 34. g3 h5 35. a4 a5 36. Rc2 c3 37. Kd3 h4 38. gxh4 gxh4 39. Ke3 Rc7 40. Kd3 Rg7 41. Kc4 Rg3 42. Kb5 Kxe4 43. Kxa5 Kd3 44. Rc1 Kd2 45. Rf1 c2 46. Kb4 0-1

[Event "Lleida-ch"]
[Site "Bellcaire"]
[Date "2016.10.23"]
[Round "4"]
[White "Badia Torra, Jaume"]
[Black "Badia Mas, Jordi"]
[Result "0-1"]
[WhiteElo "1851"]
[BlackElo "2068"]
[PlyCount "38"]
[EventDate "2016.10.02"]
[EventType "swiss"]
[EventRounds "9"]
[EventCountry "ESP"]
[SourceTitle "EXT 2018"]
[Source "ChessBase"]
[SourceDate "2017.10.13"]
[SourceVersion "1"]
[SourceVersionDate "2017.10.13"]
[SourceQuality "1"]

1. e4 e6 2. d3 c5 3. Nf3 Nc6 4. g3 d6 5. Bg2 g6 6. 0-0 Bg7 7. c3 e5 8. Be3 Nge7 9. d4 cxd4 10. cxd4 Bg4 11. dxe5 dxe5 12. Qc1 Nd4 13. Nxd4 exd4 14. Bh6 0-0 15. Bxg7 Kxg7 16. Qf4 Qd7 17. Nd2 Nc6 18. Rac1 f6 19. Rc5 g5 0-1

[Event "Lleida-ch"]
[Site "Bellcaire"]
[Date "2016.10.09"]
[Round "2"]
[White "Alba Tarradelles, Jose"]
[Black "Badia Mas, Jordi"]
[Result "1/2-1/2"]
[WhiteElo "1855"]
[BlackElo "2068"]
[PlyCount "36"]
[EventDate "2016.10.02"]
[EventType "swiss"]
[EventRounds "9"]
[EventCountry "ESP"]
[SourceTitle "EXT 2018"]
[Source "ChessBase"]
[SourceDate "2017.10.13"]
[SourceVersion "1"]
[SourceVersionDate "2017.10.13"]
[SourceQuality "1"]

1. d4 Nf6 2. c4 e6 3. Nc3 Bb4 4. e3 0-0 5. Bd3 d5 6. Nge2 b6 7. a3 Bd6 8. e4 dxe4 9. Nxe4 Bb7 10. Bg5 Be7 11. Qc2 h6 12. Nxf6+ Bxf6 13. Bxf6 Qxf6 14. 0-0 Nd7 15. Be4 Bxe4 16. Qxe4 c5 17. b4 cxd4 18. Nxd4 Qe5 1/2-1/2

[Event "Lleida Regional-ch"]
[Site "Lleida"]
[Date "2015.11.15"]
[Round "7"]
[White "Ramon Solans, Albert"]
[Black "Badia Mas, Jordi"]
[Result "1-0"]
[WhiteElo "2420"]
[BlackElo "2167"]
[PlyCount "75"]
[EventDate "2015.09.27"]
[EventType "swiss"]
[EventRounds "9"]
[EventCountry "ESP"]
[SourceTitle "EXT 2017"]
[Source "ChessBase"]
[SourceDate "2016.10.25"]
[SourceVersion "1"]
[SourceVersionDate "2016.10.25"]
[SourceQuality "1"]

1. Nf3 f5 2. d4 Nf6 3. c4 e6 4. Nc3 d5 5. g3 c6 6. Bg2 Bd6 7. 0-0 0-0 8. Qc2 b6 9. Ne5 Qc7 10. b3 Nbd7 11. Nd3 Bb7 12. Bf4 Rac8 13. f3 Rce8 14. e4 dxc4 15. bxc4 e5 16. dxe5 Nxe5 17. c5 Bxc5+ 18. Nxc5 bxc5 19. Be3 Ba6 20. Rfd1 fxe4 21. Nxe4 Nxe4 22. fxe4 Nf3+ 23. Kh1 Qf7 24. Qxc5 Be2 25. Rf1 Re5 26. Qxe5 Bxf1 27. Qc5 Be2 28. Qxa7 Qh5 29. Bg1 Qe5 30. Rb1 h5 31. Qe3 Nxg1 32. Kxg1 Bb5 33. Rd1 Re8 34. Qd4 Qe6 35. a4 Bc4 36. Rc1 Bb3 37. a5 Ra8 38. Rc5 1-0

[Event "Lleida Regional-ch"]
[Site "Lleida"]
[Date "2015.11.08"]
[Round "6"]
[White "Badia Mas, Jordi"]
[Black "Rodriguez Moles, Julian"]
[Result "1-0"]
[WhiteElo "2167"]
[BlackElo "2070"]
[PlyCount "89"]
[EventDate "2015.09.27"]
[EventType "swiss"]
[EventRounds "9"]
[EventCountry "ESP"]
[SourceTitle "EXT 2017"]
[Source "ChessBase"]
[SourceDate "2016.10.25"]
[SourceVersion "1"]
[SourceVersionDate "2016.10.25"]
[SourceQuality "1"]

1. Nf3 d5 2. d4 Nf6 3. c4 e6 4. g3 Nc6 5. Bg2 Bb4+ 6. Bd2 Qe7 7. 0-0 0-0 8. a3 Bxd2 9. Nbxd2 Rd8 10. e3 e5 11. cxd5 Nxd5 12. dxe5 Bg4 13. Qb3 Rab8 14. h3 Bh5 15. Rac1 Bxf3 16. Nxf3 Nxe5 17. Nxe5 Qxe5 18. Rc5 c6 19. e4 b6 20. Rxc6 Ne7 21. Rc2 Rd7 22. Rfc1 Rbd8 23. Qc3 Qg5 24. Kh2 Rd3 25. Qe1 h5 26. h4 Qe5 27. Qe2 g6 28. f4 Qd6 29. Kh3 Qxf4 30. Qf2 Qxf2 31. Rxf2 Kg7 32. Rc7 R8d7 33. Rfc2 a5 34. Bf1 R3d4 35. Bb5 Rxc7 36. Rxc7 Kf8 37. Rb7 Rd6 38. b3 Re6 39. Bd3 f5 40. exf5 gxf5 41. Bc4 Rd6 42. Kg2 Ng6 43. Rf7+ Ke8 44. Rxf5 Kd7 45. Rxh5 1-0

[Event "Lleida Regional-ch"]
[Site "Lleida"]
[Date "2015.11.01"]
[Round "5"]
[White "Parramon Guillaumet, Jaime"]
[Black "Badia Mas, Jordi"]
[Result "0-1"]
[WhiteElo "2050"]
[BlackElo "2167"]
[PlyCount "48"]
[EventDate "2015.09.27"]
[EventType "swiss"]
[EventRounds "9"]
[EventCountry "ESP"]
[SourceTitle "EXT 2017"]
[Source "ChessBase"]
[SourceDate "2016.10.25"]
[SourceVersion "1"]
[SourceVersionDate "2016.10.25"]
[SourceQuality "1"]

1. e4 d5 2. exd5 Qxd5 3. Nc3 Qd6 4. Nf3 Nf6 5. Bc4 a6 6. a4 Bg4 7. h3 Bh5 8. g4 Bg6 9. d3 e6 10. Qe2 Nc6 11. g5 Nd7 12. Nd5 0-0-0 13. Bf4 e5 14. Bg3 Bh5 15. Qe3 f5 16. gxf6 gxf6 17. c3 Bh6 18. Qe4 Bg6 19. Qe2 Na5 20. d4 Nxc4 21. Qxc4 Be4 22. Ne7+ Qxe7 23. dxe5 Bxf3 24. e6 Ne5 0-1

[Event "Lleida Regional-ch"]
[Site "Lleida"]
[Date "2015.10.04"]
[Round "2"]
[White "Arnillas Moles, Josep"]
[Black "Badia Mas, Jordi"]
[Result "0-1"]
[WhiteElo "2059"]
[BlackElo "2167"]
[PlyCount "68"]
[EventDate "2015.09.27"]
[EventType "swiss"]
[EventRounds "9"]
[EventCountry "ESP"]
[SourceTitle "EXT 2017"]
[Source "ChessBase"]
[SourceDate "2016.10.25"]
[SourceVersion "1"]
[SourceVersionDate "2016.10.25"]
[SourceQuality "1"]

1. e4 d5 2. exd5 Qxd5 3. Nc3 Qd6 4. d4 Nf6 5. Bc4 a6 6. Bg5 Nbd7 7. Nf3 b5 8. Bb3 Bb7 9. Qd3 e6 10. a4 b4 11. Ne2 c5 12. Bf4 Qb6 13. a5 Qa7 14. 0-0 Be7 15. c4 cxd4 16. Ba4 0-0 17. Ng5 h6 18. Nxf7 Rxf7 19. Nxd4 Be4 20. Qd2 e5 21. Nc6 Bxc6 22. Bxc6 Rd8 23. Be3 Qc7 24. Bd5 Nxd5 25. cxd5 Qd6 26. Rac1 Nf6 27. Rfd1 Qxd5 28. Qe2 Qb7 29. Bb6 Rxd1+ 30. Qxd1 Qd7 31. Qe2 Qb7 32. Qxe5 Qe4 33. Rc8+ Kh7 34. f4 Qb1+ 0-1

[Event "Vallfogona Hostal Nou op"]
[Site "Vallfogona de Balaguer"]
[Date "2014.06.14"]
[Round "8"]
[White "Monell Camarasa, David"]
[Black "Badia Mas, Jordi"]
[Result "0-1"]
[WhiteElo "2332"]
[BlackElo "2147"]
[PlyCount "96"]
[EventDate "2014.04.26"]
[EventType "swiss"]
[EventRounds "8"]
[EventCountry "ESP"]
[SourceTitle "EXT 2015"]
[Source "ChessBase"]
[SourceDate "2014.11.20"]
[SourceVersion "1"]
[SourceVersionDate "2014.11.20"]
[SourceQuality "1"]

1. d4 Nf6 2. c4 e6 3. Nc3 Bb4 4. Qc2 0-0 5. e4 d5 6. e5 Ne4 7. Bd3 c5 8. Nge2 cxd4 9. cxd5 dxc3 10. bxc3 Nxc3 11. Nxc3 Qxd5 12. 0-0 Bxc3 13. Qxc3 Nc6 14. Bb2 Qa5 15. Qc2 h6 16. Bc3 Qc5 17. Rab1 a6 18. Rfe1 Rd8 19. Re3 b5 20. Qe2 Kh8 21. Rc1 Nd4 22. Qh5 Rd7 23. Bd2 Qf8 24. Be4 Bb7 25. Bxb7 Rxb7 26. Rec3 Rd7 27. Be3 Rad8 28. h3 b4 29. Rc4 a5 30. Qg4 Nf5 31. Bb6 Ra8 32. Qf3 Ne7 33. Bc5 Qe8 34. Bxe7 Rxe7 35. Rc7 Rxc7 36. Rxc7 Kg8 37. Rxf7 Rb8 38. Ra7 Qf8 39. Qg4 Rb6 40. Qg6 Rc6 41. g3 a4 42. Rxa4 Rc1+ 43. Kg2 Qc8 44. Qe4 Rc4 45. Qf3 Qd7 46. h4 Qxa4 47. Kh3 Qc6 48. Qe2 Qh1# 0-1

[Event "Vallfogona Hostal Nou op"]
[Site "Vallfogona de Balaguer"]
[Date "2014.05.24"]
[Round "5"]
[White "Badia Mas, Jordi"]
[Black "Raga Lleida, Roman"]
[Result "1-0"]
[WhiteElo "2147"]
[BlackElo "1978"]
[PlyCount "41"]
[EventDate "2014.04.26"]
[EventType "swiss"]
[EventRounds "8"]
[EventCountry "ESP"]
[SourceTitle "EXT 2015"]
[Source "ChessBase"]
[SourceDate "2014.11.20"]
[SourceVersion "1"]
[SourceVersionDate "2014.11.20"]
[SourceQuality "1"]

1. d4 d5 2. c4 c6 3. Nf3 Nf6 4. Qc2 e6 5. g3 Nbd7 6. Bg2 Be7 7. 0-0 0-0 8. Rd1 h6 9. b3 Ne4 10. Bb2 Rb8 11. Nbd2 f5 12. Ne5 Nxe5 13. dxe5 Qb6 14. Nxe4 fxe4 15. e3 Bd7 16. Bxe4 Be8 17. Bg2 Bh5 18. Rd2 Bf3 19. Qg6 Bb4 20. Rc2 Rbe8 21. Bxf3 1-0

[Event "Mollerussa op-B"]
[Site "Mollerusa"]
[Date "1997.??.??"]
[Round "1"]
[White "Badia Mas, Jordi"]
[Black "Biosca Lacasa, Jordi"]
[Result "1-0"]
[WhiteElo "1865"]
[BlackElo "1915"]
[PlyCount "53"]
[EventDate "1997.??.??"]
[EventType "swiss"]
[EventRounds "8"]
[EventCountry "ESP"]
[SourceTitle "EXT 2003"]
[Source "ChessBase"]
[SourceDate "2002.11.25"]
[SourceVersion "1"]
[SourceVersionDate "2002.11.25"]
[SourceQuality "1"]

1. e4 c5 2. Nf3 Nc6 3. d4 cxd4 4. Nxd4 Nf6 5. Nc3 e5 6. Ndb5 d6 7. Bg5 Be6 8. Bxf6 gxf6 9. Nd5 Bxd5 10. Qxd5 a6 11. Nc3 Be7 12. Bc4 0-0 13. Qd2 Nd4 14. Ne2 Ne6 15. Ng3 Kh8 16. Nf5 Qd7 17. 0-0-0 Rad8 18. Rhe1 Ng7 19. Nxg7 Kxg7 20. Re3 f5 21. Rg3+ Kh8 22. Qh6 Rg8 23. Bxf7 Rxg3 24. hxg3 Bf8 25. Qh5 fxe4 26. Rh1 h6 27. Qg6 1-0

[Event "Mollerussa op-B"]
[Site "Mollerusa"]
[Date "1997.??.??"]
[Round "2"]
[White "Florensa Becana, Magin"]
[Black "Badia Mas, Jordi"]
[Result "1-0"]
[WhiteElo "1985"]
[BlackElo "1865"]
[PlyCount "39"]
[EventDate "1997.??.??"]
[EventType "swiss"]
[EventRounds "8"]
[EventCountry "ESP"]
[SourceTitle "EXT 2003"]
[Source "ChessBase"]
[SourceDate "2002.11.25"]
[SourceVersion "1"]
[SourceVersionDate "2002.11.25"]
[SourceQuality "1"]

1. e4 e6 2. d4 d5 3. Nc3 Nf6 4. Bg5 Be7 5. e5 Nfd7 6. Bxe7 Qxe7 7. f4 c5 8. Nb5 Nb6 9. Nd6+ Kf8 10. dxc5 Qc7 11. cxb6 axb6 12. Nf3 h6 13. Bd3 Na6 14. 0-0 Qc5+ 15. Kh1 Nc7 16. c4 Ne8 17. Nxc8 Rxc8 18. cxd5 Qxd5 19. Qb3 Nc7 20. Rfc1 1-0

[Event "Mollerussa op-B"]
[Site "Mollerusa"]
[Date "1997.??.??"]
[Round "8"]
[White "Tarraga Borrull, Antoni"]
[Black "Badia Mas, Jordi"]
[Result "1/2-1/2"]
[WhiteElo "1975"]
[BlackElo "1865"]
[PlyCount "96"]
[EventDate "1997.??.??"]
[EventType "swiss"]
[EventRounds "8"]
[EventCountry "ESP"]
[SourceTitle "EXT 2003"]
[Source "ChessBase"]
[SourceDate "2002.11.25"]
[SourceVersion "1"]
[SourceVersionDate "2002.11.25"]
[SourceQuality "1"]

1. e4 c6 2. d4 d5 3. exd5 cxd5 4. Bd3 Nc6 5. c3 Nf6 6. Ne2 Bg4 7. f3 Bh5 8. Nf4 Bg6 9. Nxg6 hxg6 10. Nd2 Qc7 11. Nf1 e6 12. Be3 Bd6 13. Bf2 Ke7 14. Qc2 Rh7 15. 0-0-0 Qa5 16. Kb1 b5 17. b4 Qb6 18. a3 a5 19. Kc1 Rc8 20. bxa5 Qxa5 21. Kd2 Bxa3 22. Qb3 Bd6 23. Qxb5 Rhh8 24. Rc1 Qxb5 25. Bxb5 Na5 26. Ba4 Nc4+ 27. Ke1 Nb6 28. Bb5 Bb4 29. Kd2 Ba5 30. Ne3 Nbd7 31. Rc2 Rb8 32. Bd3 Rhc8 33. Ra1 Bc7 34. Re1 Ba5 35. Bh4 Kf8 36. Ra1 Ra8 37. Rb1 Rab8 38. Re1 Rb3 39. Rec1 Nb6 40. Nd1 Na4 41. Be1 Nd7 42. Ke2 Ra8 43. Ra2 Ndb6 44. Rca1 Bxc3 45. Bxc3 Rxc3 46. Rxa4 Nxa4 47. Rxa4 Rxa4 48. Nxc3 Rxd4 1/2-1/2